00613 2200229 4500001002100000005001500021035002000036008004100056245008500097100001400182250001000196260003700206300002900243020002200272084001700294082001100311650002100322990001000343990001000353990001000363990001000373INLIS00000000001205620260424083433 a0010-0426000027260424 g 0 ind 1 aMelawan nafsu merusak bumi :bprinsip etika lingkungan hidup islami /cRosyid AS aRosyid AS aCet.3 aYogyakarta :bMojok Group,c2022 axvi, 139 hlm ;c13x19 cm a978-623-5280-03-5 a344.04 ROS m a344.04 4aLingkungan hidup a58288 a58287 a58289 a58290